<?xml version="1.0" encoding="UTF-8"?><?xml-stylesheet type="text/xsl" href="static/style.xsl"?><OAI-PMH xmlns="http://www.openarchives.org/OAI/2.0/" xmlns:xsi="http://www.w3.org/2001/XMLSchema-instance" xsi:schemaLocation="http://www.openarchives.org/OAI/2.0/ http://www.openarchives.org/OAI/2.0/OAI-PMH.xsd"><responseDate>2026-06-29T02:46:33Z</responseDate><request verb="GetRecord" identifier="oai:docta.ucm.es:20.500.14352/63420" metadataPrefix="marc">https://docta.ucm.es/rest/oai/request</request><GetRecord><record><header><identifier>oai:docta.ucm.es:20.500.14352/63420</identifier><datestamp>2025-02-11T16:20:17Z</datestamp><setSpec>com_20.500.14352_14</setSpec><setSpec>col_20.500.14352_22</setSpec></header><metadata><record xmlns="http://www.loc.gov/MARC21/slim" xmlns:dcterms="http://purl.org/dc/terms/" xmlns:xsi="http://www.w3.org/2001/XMLSchema-instance" xmlns:doc="http://www.lyncode.com/xoai" xsi:schemaLocation="http://www.loc.gov/MARC21/slim http://www.loc.gov/standards/marcxml/schema/MARC21slim.xsd">
   <leader>00925njm 22002777a 4500</leader>
   <datafield ind2=" " ind1=" " tag="042">
      <subfield code="a">dc</subfield>
   </datafield>
   <datafield ind2=" " ind1=" " tag="720">
      <subfield code="a">Grau Carles, María Del Pilar</subfield>
      <subfield code="e">author</subfield>
   </datafield>
   <datafield ind2=" " ind1=" " tag="260">
      <subfield code="c">2002</subfield>
   </datafield>
   <datafield ind2=" " ind1=" " tag="520">
      <subfield code="a">En la tesis se explican los conceptos fundamentales de la teoría del caos y se exponen los distintos métodos para comprobar la existencia del mismo, proponiéndose, además, tests para detectar la no linealidad, la no normalidad y la persistencia en una serie temporal. Se propone un modelo bursátil simple, basado en el comportamiento de los agentes, que puede generar movimientos caóticos en los precios de los activos. Así mismo, se aplican los métodos anteriormente citados, a las series de cotizaciones bursátiles del índice general de la bolsa de madrid y del ibex 35. Se demuestra que ambas series son persistentes y presentan ciclos no periódicos, cuantificando la duración de los mismos mediante dos métodos: el análisis espectral y el análisis rango-desviación típica. Por ultimo, se demuestra que ambas series son no lineales y que existen indicios de caos en las mismas</subfield>
   </datafield>
   <datafield ind1="8" ind2=" " tag="024">
      <subfield code="a">978-84-669-0125-3</subfield>
   </datafield>
   <datafield ind1="8" ind2=" " tag="024">
      <subfield code="a">b2168540x</subfield>
   </datafield>
   <datafield ind1="8" ind2=" " tag="024">
      <subfield code="a">https://hdl.handle.net/20.500.14352/63420</subfield>
   </datafield>
   <datafield ind2="0" ind1="0" tag="245">
      <subfield code="a">Economía dinámica caótica : una aplicación al mercado de capitales español</subfield>
   </datafield>
</record></metadata></record></GetRecord></OAI-PMH>